Uma criança carinhosa (Record no. 15892)

MARC details
000 -Etiqueta do registo
Valores 00718nam a2200217 4500
010 ## - Número ISBN
ISBN 9789896731007
021 ## - Número do Depósito Legal
Número 314 944/10
100 ## - Dados gerais de processamento
Dados gerais 20110204d2010 ac y0pory5003 ba
200 1# - Titulo e menção de responsabilidade
Título próprio Uma criança carinhosa
Informação de outro título um livro sobre ti, que sabes cuidar das pessoas
Primeira menção de responsabilidade Michaelene Mundy
Outras menções de responsabilidade il. R.W. Alley
-- trad. Maria Isabel de Mendonça Soares
210 ## - Publicação
Local de publicação Lisboa
Nome do editor Paulinas
Data de publicação cop. 2010
215 ## - Descrição física 
Paginação / Volumes [32] p.
Outras indicações físicas il.
Dimensões 21 cm
225 2# - Colecção 
Título próprio da colecção Auto ajuda para crianças;
Indicação de volume 22)
304 ## - Nota relativa ao título
Texto de nota Tít. orig.: One caring kid
675 ## - CDU
Notação 087.5:1
Edição med
Língua fre
700 #1 - Autor principal (pessoa individual)
Apelido Mundy
Nome Michaelene
702 #1 - Autor secundário (pessoa individual)
Apelido Alley
Nome R.W.
702 #1 - Autor secundário (pessoa individual)
Apelido Soares
Nome Maria Isabel de Mendon—ca
Datas 1922-
801 #0 - Fonte de origem
País PT
Agência ESEL
Regras de catalogação RPC
990 ## - Elementos KOHA
Tipo de documento Livro
Holdings
Situação do levantamento Estado Biblioteca de origem Código de barras Cota Permissão de empréstimo Tipo de documento Forma de aquisição
    Biblioteca Municipal do Alandroal C17970/23 087.5 MUN   Livro Oferta

Powered by Koha